| 000 | 00767nam a22002537a 4500 | ||
|---|---|---|---|
| 005 | 20220303142810.0 | ||
| 008 | 160912b xxu||||| |||| 00| 0 spa d | ||
| 020 | _a9789587712841 | ||
| 041 | _aspa | ||
| 082 | _a658 V227d4 | ||
| 100 |
_aVan Den Bergue, Edgar _920097 |
||
| 245 | _aDiseñe y administre su propia empresa: proyectándola a los TLC de Estados Unidos | ||
| 260 |
_aColombia _bEcoe Ediciones _c2015 |
||
| 300 | _a4 edición | ||
| 650 |
_aADMINISTRACIÓN DE EMPRESAS _9521 |
||
| 650 |
_aCOMERCIO EXTERIOR _99355 |
||
| 650 |
_aLIBRE COMERCIO _920098 |
||
| 650 |
_aMERCADO _93877 |
||
| 650 |
_aPRODUCCIÓN _9706 |
||
| 650 |
_aOPERACIÓN EMPRESARIAL _920099 |
||
| 650 |
_aFINANCIAMIENTO _96255 |
||
| 650 |
_aFRACASO EMPRESARIAL _920100 |
||
| 942 | _cBK | ||
| 999 |
_c8408 _d8408 |
||